| 000 | 00664nam a22002297a 4500 | ||
|---|---|---|---|
| 999 |
_c4843 _d4843 |
||
| 001 | 3874 | ||
| 003 | BD-DhUAP | ||
| 005 | 20201122152554.0 | ||
| 008 | 201122s1997 iaua b 001 0 eng | ||
| 020 | _a0697251918 | ||
| 040 |
_aDLC _cDLC _dBD-DhUAP _bEng |
||
| 082 | 0 | 0 |
_223 _a570 MAD |
| 100 | 1 |
_aMader, Sylvia S. _910624 |
|
| 245 | 1 | 0 |
_aStudent study art notebook : _binquiry into life / _cSylvia S. Mader. |
| 250 | _a8th ed. | ||
| 260 |
_aDubuque, IA : _bWm. C. Brown Publishers, _cc1997. |
||
| 300 |
_aviii, 215 pages : _billustrations ; _c28 cm. |
||
| 650 | 0 |
_aBiology _911712 |
|
| 650 | 0 | _aInquiry (Theory of knowledge) | |
| 650 | 0 | _aLife. | |
| 942 |
_2ddc _cBK |
||